The dynamical theory of gases / (Record no. 11904)

MARC details
000 -LEADER
fixed length control field 00883cam a2200265 i 4500
001 - CONTROL NUMBER
control field 6394328
003 - CONTROL NUMBER IDENTIFIER
control field EG-ScBUE
005 - DATE AND TIME OF LATEST TRANSACTION
control field 20250525091317.0
008 - FIXED-LENGTH DATA ELEMENTS--GENERAL INFORMATION
fixed length control field 751104s1954 xx a f 001 0 eng d
035 ## - SYSTEM CONTROL NUMBER
System control number (OCoLC)1806823
040 ## - CATALOGING SOURCE
Original cataloging agency EG-ScBUE
Language of cataloging eng
Description conventions rda
Transcribing agency EG-ScBUE
Modifying agency EG-ScBUE
082 04 - DEWEY DECIMAL CLASSIFICATION NUMBER
Edition number 22
Classification number 533.7
Item number JEA
100 1# - MAIN ENTRY--PERSONAL NAME
Personal name Jeans, James Hopwood,
Titles and other words associated with a name Sir,
Dates associated with a name 1877-1946,
Relator term author.
9 (RLIN) 6485
245 14 - TITLE STATEMENT
Title The dynamical theory of gases /
Statement of responsibility, etc by J. H. Jeans, D.Sc., LL.D., F.R.S.
250 ## - EDITION STATEMENT
Edition statement Fourth edition.
264 1# - PUBLICATION, DISTRIBUTION, ETC. (IMPRINT)
Place of publication, distribution, etc [place of publication not identified] :
Name of publisher, distributor, etc Dover Publication, INC.,
Date of publication, distribution, etc 1954.
300 ## - PHYSICAL DESCRIPTION
Extent 444 pages :
Other physical details illustrations ;
Dimensions 27 cm
336 ## - CONTENT TYPE
Source rdacontent
Content type term text
Content type code txt
337 ## - MEDIA TYPE
Media type term unmediated
Source rdamedia
Media type code n
338 ## - CARRIER TYPE
Carrier type term volume
Carrier type code nc
Source rdacarrier
500 ## - GENERAL NOTE
General note Includes index.<br/>
650 #7 - SUBJECT ADDED ENTRY--TOPICAL TERM
Topical term or geographic name as entry element Kinetic theory of gases.
9 (RLIN) 6486
Source of heading or term BUEsh
655 ## - INDEX TERM--GENRE/FORM
Form subdivision Reading book
942 ## - ADDED ENTRY ELEMENTS (KOHA)
Source of classification or shelving scheme Dewey Decimal Classification
Koha item type Book - Borrowing
Holdings
Withdrawn status Lost status Source of classification or shelving scheme Damaged status Not for loan Collection code Home library Current library Shelving location Date acquired Source of acquisition Cost, normal purchase price Total Checkouts Full call number Barcode Date last seen Price effective from Koha item type
    Dewey Decimal Classification     Alef-Baa Central Library Central Library First floor 21/06/2009   150.00   533.7 JEA 000016831 15/07/2025 21/06/2009 Book - Borrowing